| 000 | 00943nam a2200265Ia 4500 | ||
|---|---|---|---|
| 003 | OSt | ||
| 005 | 20220923211534.0 | ||
| 006 | a|||||r|||| 00| 0 | ||
| 007 | ta | ||
| 008 | Pun | ||
| 020 |
_a9789382455035 (pbk) _c450 |
||
| 024 | _a284,422 | ||
| 037 |
_b940, 27/03/2015, H.K. Prakashan _cTextual |
||
| 040 |
_aARTS _cARTS _bPun |
||
| 041 |
_2Pun _aPun |
||
| 082 | _aO153v, P6.13 | ||
| 100 | _aਭਾਟੀਆ, ਹਰਿਭਜਨ ਸਿੰਘ | ||
| 245 | 0 | _aਪੰਜਾਬੀ ਸਾਹਿਤ ਆਲੋਚਨਾ ਦਾ ਇਤਿਹਾਸ | |
| 260 |
_aਦਿੱਲੀ _b ਪੰਜਾਬੀ ਅਕਾਦਮੀ _c2013 |
||
| 300 |
_a282ਪੰ _ccm. |
||
| 490 | _aਪੰਜਾਬੀ ਸਾਹਿਤ ਦਾ ਇਤਿਹਾਸ | ||
| 650 | _aਪੰਜਾਬੀ ਸਾਹਿਤ | ||
| 942 |
_hO153v, P6.13 _cTEXL _2CC |
||
| 999 |
_c300578 _d300578 |
||